Фазовая синхронизация наносекундных генераторов Ганна; Приборы и техника эксперимента; № 6

Bibliografiske detaljer
Parent link:Приборы и техника эксперимента/ Российская академия наук (РАН).— , 1956-
№ 6.— 2011.— [С. 37-40]
Andre forfattere: Конев В. Ю. Владимир Юрьевич, Губанов В. П. Владимир Павлович, Климов А. И. Алексей Иванович, Ковальчук О. Б. Олег Борисович, Ростов В. В. Владислав Владимирович, Шарыпов К. А. Константин Анатольевич, Яландин М. И. Михаил Иванович
Summary:Заглавие с экрана
Исследована синхронизация фазы с.в.ч.-колебаний двух наносекундных генераторов Ганна трехсантиметрового диапазона с пиковой мощностью 20 Вт. Фаза фиксировалась фронтом импульса напряжения от общего модулятора на каждом из генераторных диодов. Показано, что стандартное отклонение разности фаз снижается при увеличении скорости нарастания напряжения до момента начала генерации и может составлять порядка 0.1 рад, что на шкале времени соответствует 1 2 пс.
Режим доступа: по договору с организацией-держателем ресурса
Sprog:russisk
Udgivet: 2011
Fag:
Online adgang:http://elibrary.ru/item.asp?id=17057135
Format: Electronisk Book Chapter
KOHA link:https://koha.lib.tpu.ru/cgi-bin/koha/opac-detail.pl?biblionumber=653758

MARC

LEADER 00000naa0a2200000 4500
001 653758
005 20250228114955.0
035 |a (RuTPU)RU\TPU\network\19272 
090 |a 653758 
100 |a 20170328d2011 k||y0rusy50 ca 
101 0 |a rus 
102 |a RU 
135 |a drcn ---uucaa 
181 0 |a i  
182 0 |a b 
200 1 |a Фазовая синхронизация наносекундных генераторов Ганна  |d Phase locking of nanosecond Gunn-effect oscillators  |f В. Ю. Конев [и др.] 
203 |a Текст  |c электронный 
300 |a Заглавие с экрана 
330 |a Исследована синхронизация фазы с.в.ч.-колебаний двух наносекундных генераторов Ганна трехсантиметрового диапазона с пиковой мощностью 20 Вт. Фаза фиксировалась фронтом импульса напряжения от общего модулятора на каждом из генераторных диодов. Показано, что стандартное отклонение разности фаз снижается при увеличении скорости нарастания напряжения до момента начала генерации и может составлять порядка 0.1 рад, что на шкале времени соответствует 1 2 пс. 
333 |a Режим доступа: по договору с организацией-держателем ресурса 
461 |t Приборы и техника эксперимента  |f Российская академия наук (РАН)  |d 1956- 
463 |t № 6  |v [С. 37-40]  |d 2011 
510 1 |a Phase locking of nanosecond Gunn-effect oscillators  |z eng 
610 1 |a электронный ресурс 
610 1 |a труды учёных ТПУ 
610 1 |a генераторы Ганна 
610 1 |a синхронизация 
610 1 |a синхронизированные генераторы 
701 1 |a Конев  |b В. Ю.  |g Владимир Юрьевич 
701 1 |a Губанов  |b В. П.  |g Владимир Павлович 
701 1 |a Климов  |b А. И.  |c специалист в области электроники  |c доцент Томского политехнического университета, кандидат физико-математических наук  |f 1955-  |g Алексей Иванович  |3 (RuTPU)RU\TPU\pers\31691 
701 1 |a Ковальчук  |b О. Б.  |g Олег Борисович 
701 1 |a Ростов  |b В. В.  |g Владислав Владимирович 
701 1 |a Шарыпов  |b К. А.  |g Константин Анатольевич 
701 1 |a Яландин  |b М. И.  |g Михаил Иванович 
801 2 |a RU  |b 63413507  |c 20170328  |g RCR 
856 4 |u http://elibrary.ru/item.asp?id=17057135 
942 |c CF